Gaming Quiz

Random Gaming or Animal Quiz

Animal Crossing Characters Quiz Stats

 Plays Quiz not verified by Sporcle

Score 0/60 Timer 10:00
0 Plays Today
Description Character % Correct
Real Estate Agent in Animal Crossing, where you get your house expanded and get new doors and exteriorsTom Nook
90.6%
Assistant Mayor in Animal Crossing: New LeafIsabelle
88.7%
Mabel's sister and is another owner of Able SistersSable
83%
Famous musician at Club LOL and you can by his songs at the storeK.K. Slider
81.1%
Owner of the Museum, where you donate fossils, fish, bugs, and art and get fossils assessed atBlathers
81.1%
One of the owners of Able Sisters, the clothing storeMabel
79.2%
The owner of the Shoe Shop. He owns a brand new shop in Animal Crossing: New LeafKicks
79.2%
One of the workers in the Post Office, who works the daytime shift.Pelly
79.2%
Wife of Cyrus and is one of the owners of Re-TailReese
77.4%
Husband of Reese and other owner of Re-Tail. He refurbishes furniture at Re-TailCyrus
77.4%
Owner of Club LOLDr. Shrunk
77.4%
Fortune Teller of the town, who originally has her shop in a tent, but moves in after you get many fortunes takenKatrina
77.4%
The mayor in Animal Crossing, Animal Crossing: Wild World, and Animal Crossing: City Folk, but retired in Animal Crossing: New Leaf to Tortimer Island, where Kapp'n livesTortimer
77.4%
The Santa Clause in Animal Crossing, except he's a reindeerJingle
77.4%
The player you are in the gameVillager
75.5%
Famous Clothing Designer, who eventually moves a store in town in Animal Crossing: New Leaf, after a long processGracie
75.5%
Blathers' little sister who works at the upstairs of the museum in Animal Crossing: New LeafCeleste
75.5%
He is on the train, and asks you questions about your gender and nameRover
75.5%
Mabel and Sable's sister, who is another owner of Able Sisters and sells the hats and accessoriesLabelle
73.6%
The owner of the Flower Shop, who moves his business in with Timmy and Tommy Nook and GracieLeif
71.7%
The 'Czar of Halloween', who gives you spooky furnitureJack
71.7%
One of the workers in the Post Office, who works the night shiftPhyllis
69.8%
Sells art at crazy prices and some are fakeRedd
69.8%
Rows a boat to Tortimer IslandKapp'n
69.8%
One of the owners of the store that you buy furniture and items atTimmy Nook
67.9%
Other owner of the store you buy furniture and items atTommy Nook
67.9%
Lost daughter of KaitlinKatie
67.9%
Business manLyle
67.9%
The other policeman in Animal CrossingBooker
66%
One of the workers in the Post Office, who delivers the mail to people's mailboxesPete
66%
Description Character % Correct
She lost her child, Katie, and if you find her, you will get a rewardKaitlin
66%
Daughter of Kapp'n and LeilaniLeila
64.2%
The owner of The Roost, the coffee shop in Animal CrossingBrewster
62.3%
A mole, who yells at you if you don't save your gameMr. Resetti
62.3%
Goes to your town to sell turnipsJoan
62.3%
Isabelle's sisterDigby
62.3%
Comes only on FestivalePave
61.9%
The hairdresser in Animal CrossingHarriet
60.4%
Mr. Resetti's older brotherDon Resetti
60.4%
Seagull, who washes up on the beachGulliver
60.4%
Kapp'n's wifeLeilani
60.4%
Co-worker in Animal crossing: Happy Home Designer and is Lyle's niece Lottie
59.5%
If you get the right sized snowballs, he will come to life and give you giftsSnowman
58.5%
The owner of the Dream Suite in Animal Crossing: New Leaf, who lets you dream walk in previous towns or any town found on SpotpassLuna
54.7%
A gyroid assistant that help you throughout the game in Animal Crossing: City FolkLloid
54.7%
Travels the world to trade wallpaper and carpetsSaharah
54.7%
Hosts the Bug-Off ContestsNat
54.7%
A sea lion that gives out badges to villagers, who do good deeds for the townPhineas
52.8%
If you catch a scallop, he will sometimes ask for a trade for furniturePascal
52.8%
One of the policemen in Animal CrossingCooper
50.9%
A walrus that is an artistWendell
50.9%
Only comes on Bunny DayZipper T. Bunny
50.9%
Asks you to catch 5 spiritsWisp
49.1%
Greets the player whenever they want to travelPorter
49.1%
Only appears during Harvest FestivalFranklin
45.3%
Rewards player who catches the biggest bassChip
43.4%
Kapp'n's motherGrams
41.5%
Comes only during the Acorn FestivalCornimer
32.1%
Answer her questions, to receive a silver or gold axeSerena
26.4%
Substitute of Dr. ShrunkFrillard
26.4%

You're not logged in!

Compare scores with friends on all Sporcle quizzes.
OR
Log In

Show Comments

Extras

Top Quizzes Today


Score Distribution

Your Account Isn't Verified!

In order to create a playlist on Sporcle, you need to verify the email address you used during registration. Go to your Sporcle Settings to finish the process.

Report this User

Report this user for behavior that violates our Community Guidelines.

Details: